000
00312nam a2200133Ia 4500
003
OSt
005
20240305142249.0
008
170523s9999 xx 000 0 und d
020
_a
9350780402
040
_c
IIMTU
100
_a
Kotpal- R L
245
0
_a
Modern text book of Zoology Invertebrates
942
_2
ddc
_c
02
999
_c
11211
_d
11211